Republic of Madagascar : Technical Assistance Report-Government Finance Statistics.

At the request of the Ministry of the Economy and Finance (Ministere de l'Economie et des Finances (MEF)) and in consultation with the African Department (AFR) of the International Monetary Fund (IMF), the IMF Statistics Department (STA) carried out a remote mission on government finance statis...

Descripción completa

Detalles Bibliográficos
Autor Corporativo: International Monetary Fund. Statistics Dept
Formato: Revista
Lenguaje:English
Publicado: Washington, D.C. : International Monetary Fund, 2022.
Colección:IMF Staff Country Reports; Country Report ;No. 2022/122
Materias:
Acceso en línea:Full text available on IMF
LEADER 02297cas a2200301 a 4500
001 AALejournalIMF022652
008 230101c9999 xx r poo 0 0eng d
020 |c 5.00 USD 
020 |z 9798400208959 
022 |a 2790-4458 
040 |a BD-DhAAL  |c BD-DhAAL 
110 2 |a International Monetary Fund.  |b Statistics Dept. 
240 1 0 |a Republic of Madagascar: Technical Assistance Report-Government Finance Statistics.  |l French 
245 1 0 |a Republic of Madagascar :   |b Technical Assistance Report-Government Finance Statistics. 
264 1 |a Washington, D.C. :  |b International Monetary Fund,  |c 2022. 
300 |a 1 online resource (20 pages) 
490 1 |a IMF Staff Country Reports 
500 |a <strong>Off-Campus Access:</strong> No User ID or Password Required 
500 |a <strong>On-Campus Access:</strong> No User ID or Password Required 
506 |a Electronic access restricted to authorized BRAC University faculty, staff and students 
520 3 |a At the request of the Ministry of the Economy and Finance (Ministere de l'Economie et des Finances (MEF)) and in consultation with the African Department (AFR) of the International Monetary Fund (IMF), the IMF Statistics Department (STA) carried out a remote mission on government finance statistics (GFS) from November 29-December 10, 2021. The purpose of the mission was to continue to support the Malagasy authorities in their work to adopt international standards of the Government Finance Statistics Manual 2014 (GFSM 2014) for their GFS. The mission would like to thank the Research Directorate (Direction des Etudes (DE)) of the Directorate General of the Treasury (Direction Generale du Tresor (DGT)) for its close collaboration and more specifically for the timely communication of the required documents, which was essential to the success of the mission given the remote working conditions. 
538 |a Mode of access: Internet 
650 7 |a International Agreements and Observance  |2 imf 
650 7 |a International Organizations  |2 imf 
650 7 |a Monetary Policy  |2 imf 
651 7 |a Madagascar, Republic of  |2 imf 
830 0 |a IMF Staff Country Reports; Country Report   |v ;No. 2022/122 
856 4 0 |z Full text available on IMF  |u https://elibrary.imf.org/openurl?genre=journal&issn=2790-4458&volume=2022&issue=122  |z IMF e-Library